Focal Guide to Moviemaking (Record no. 135)

MARC details
000 -LEADER
fixed length control field 00373nam a2200145Ia 4500
008 - FIXED-LENGTH DATA ELEMENTS--GENERAL INFORMATION
fixed length control field 211109s9999||||xx |||||||||||||| ||und||
082 ## - DEWEY DECIMAL CLASSIFICATION NUMBER
Classification number 791.43
Item number PET-F
100 ## - MAIN ENTRY--PERSONAL NAME
Personal name Petzold, Paul
245 #0 - TITLE STATEMENT
Title Focal Guide to Moviemaking
260 ## - PUBLICATION, DISTRIBUTION, ETC.
Name of publisher, distributor, etc. Focal
Place of publication, distribution, etc. London
Date of publication, distribution, etc. 2000
300 ## - PHYSICAL DESCRIPTION
Extent 224p.
630 ## - SUBJECT ADDED ENTRY--UNIFORM TITLE
General subdivision Reference Reading Room
650 ## - SUBJECT ADDED ENTRY--TOPICAL TERM
Topical term or geographic name entry element Public Performances
942 ## - ADDED ENTRY ELEMENTS (KOHA)
Koha item type BOOK
650 ## - SUBJECT ADDED ENTRY--TOPICAL TERM
Form subdivision Arts
General subdivision Arts
Holdings
Withdrawn status Lost status Damaged status Not for loan Home library Current library Date acquired Cost, normal purchase price Total Checkouts Full call number Barcode Shelving location Date last seen Date last checked out Price effective from Koha item type
        SB LIBRARY SB LIBRARY 09/11/2021 40.00 1 791.43 PET-F 00000127 REFERENCE READING ROOM 21/11/2022 09/11/2022 09/11/2021 BOOK

Powered by Koha